[Event "10eme Open International de La Fere"]
[Site "La Fere (FRA)"]
[Date "2011.07.06"]
[Round "6.28"]
[White "Rigolot, Lucie"]
[Black "Durot, Edwige"]
[Result "1-0"]
[WhiteElo "1946"]
[BlackElo "1693"]
[PlyCount "127"]
[EventDate "2011.??.??"]

1. e4 c5 2. Nf3 e6 3. d4 cxd4 4. Nxd4 a6 5. Bd3 Nf6 6. c4 d6 7. Be3 Be7 8. Nc3
Nbd7 9. f3 O-O 10. O-O Qc7 11. Rc1 Ne5 12. Be2 Bd7 13. b3 Rac8 14. g4 Nc6 15.
Qe1 Nxd4 16. Bxd4 e5 17. Be3 Be6 18. Qf2 Nd7 19. Rfd1 Qd8 20. Kg2 Rc6 21. Rd2
Bg5 22. Rcd1 Bxe3 23. Qxe3 Qe7 24. Nd5 Bxd5 25. Rxd5 Nb6 26. R5d2 Nc8 27. Kg3
Qf6 28. h4 h6 29. g5 Qg6 30. Kf2 Qe6 31. Rh1 Ne7 32. Bf1 f5 33. Bh3 Qg6 34. Ke2
fxe4 35. Qxe4 Qxe4+ 36. fxe4 Rf4 37. Ke3 Kf8 38. Bd7 Rb6 39. gxh6 gxh6 40. h5
Ng8 41. Rg2 Nf6 42. Bf5 d5 43. cxd5 Nxd5+ 44. exd5 Rxf5 45. Ke4 Rbf6 46. Rg6
Kf7 47. Rxh6 Rf4+ 48. Kxe5 R4f5+ 49. Ke4 Rf4+ 50. Ke3 Rf3+ 51. Ke2 Rf2+ 52. Ke1
Rxh6 53. Kxf2 Kf6 54. Kf3 Kf5 55. b4 b6 56. a4 a5 57. b5 Ke5 58. Kg4 Kxd5 59.
Kg5 Rh8 60. Kg6 Rg8+ 61. Kf7 Rc8 62. h6 Rc7+ 63. Kg6 Rc8 64. h7 1-0

[Event "10eme Open International de La Fere"]
[Site "La Fere (FRA)"]
[Date "2011.07.06"]
[Round "6.29"]
[White "Pruvost, Alain"]
[Black "Dumas, Victor"]
[Result "0-1"]
[WhiteElo "1647"]
[BlackElo "1929"]
[PlyCount "38"]
[EventDate "2011.??.??"]

1. b4 e5 2. b5 d5 3. Bb2 Bd6 4. c4 c6 5. a4 Nf6 6. cxd5 cxd5 7. e3 O-O 8. Nf3
Qe7 9. Be2 Bg4 10. Ng5 Bxe2 11. Qxe2 Nbd7 12. Nf3 Rac8 13. O-O Rc4 14. d4 e4
15. Ne5 Nxe5 16. dxe5 Bxe5 17. Ba3 Bd6 18. Rc1 Rxc1+ 19. Bxc1 Qe5 0-1

[Event "10eme Open International de La Fere"]
[Site "La Fere (FRA)"]
[Date "2011.07.06"]
[Round "6.30"]
[White "Brugge, Rodolphe"]
[Black "Vandervorst, Marc"]
[Result "0-1"]
[WhiteElo "1440"]
[BlackElo "1882"]
[PlyCount "34"]
[EventDate "2011.??.??"]

1. e4 e5 2. Nc3 Nf6 3. Bc4 Bc5 4. Nf3 d6 5. O-O Nc6 6. d3 Bg4 7. h3 Bh5 8. Bg5
h6 9. Bh4 g5 10. Bg3 Nd4 11. Bd5 c6 12. Bc4 b5 13. Bb3 Qd7 14. Kh2 Nh7 15. Kg1
Nxf3+ 16. gxf3 Qxh3 17. f4 Qxg3+ 0-1

[Event "10eme Open International de La Fere"]
[Site "La Fere (FRA)"]
[Date "2011.07.06"]
[Round "6.31"]
[White "Poulain, Andre"]
[Black "Soriano, Jean-Claude"]
[Result "1/2-1/2"]
[WhiteElo "1804"]
[BlackElo "1560"]
[PlyCount "115"]
[EventDate "2011.??.??"]

1. e4 c6 2. d4 d5 3. exd5 cxd5 4. c4 Nf6 5. Nc3 e6 6. Nf3 dxc4 7. Bxc4 a6 8.
O-O Be7 9. Re1 b5 10. Bd3 Bb7 11. Bg5 Nbd7 12. Rc1 O-O 13. Bc2 Nd5 14. Bxe7
Qxe7 15. Qd3 N7f6 16. Nxd5 Bxd5 17. Bb1 g6 18. Qe3 Bxf3 19. Qxf3 Rac8 20. h3
Rfd8 21. Rxc8 Rxc8 22. d5 Nxd5 23. Qxd5 exd5 24. Rxe7 Rc1+ 25. Kh2 Rxb1 26. Ra7
Rxb2 27. Rxa6 Rxf2 28. Ra5 Rb2 29. a4 Ra2 30. Rxb5 d4 31. Rb4 d3 32. Rd4 Ra3
33. Kg1 Kg7 34. Kf2 Kf6 35. Ke3 Ke5 36. Rxd3 Rxa4 37. Rd7 Ra3+ 38. Kf2 Ke6 39.
Rb7 h5 40. Rb6+ Kf5 41. Rb5+ Kf6 42. Rb6+ Kg5 43. Rb5+ f5 44. Rb4 f4 45. Rb5+
Kh4 46. Rb4 g5 47. Kg1 Kg3 48. Rb1 f3 49. gxf3 Rxf3 50. Rb5 Kh4 51. Kg2 Rc3 52.
Rb4+ g4 53. hxg4 hxg4 54. Rb2 Rc4 55. Rd2 g3 56. Rb2 Kg4 57. Rd2 Kf4 58. Rb2
1/2-1/2

[Event "10eme Open International de La Fere"]
[Site "La Fere (FRA)"]
[Date "2011.07.06"]
[Round "6.32"]
[White "Casier, Fabrice"]
[Black "Donatini, Adrien"]
[Result "1-0"]
[WhiteElo "1795"]
[BlackElo "1471"]
[PlyCount "97"]
[EventDate "2011.??.??"]

1. c4 e5 2. Nc3 Nf6 3. g3 d5 4. cxd5 Nxd5 5. Bg2 Nb6 6. Nf3 Nc6 7. O-O Be7 8.
d3 Be6 9. b3 O-O 10. Bb2 f6 11. Nd2 Nd5 12. Nc4 Nxc3 13. Bxc3 Bd5 14. Bh3 f5
15. Ne3 f4 16. Nxd5 Qxd5 17. Bg2 Qd7 18. Bxc6 Qxc6 19. Bxe5 fxg3 20. hxg3 Qh6
21. Kg2 Rf5 22. Bd4 Rh5 23. Rh1 Qc6+ 24. f3 Rg5 25. Rh3 Re8 26. Qc1 Qe6 27. Qc4
Bd6 28. Qxe6+ Rxe6 29. e4 h5 30. Bf2 Ba3 31. Be3 Rb5 32. Bc1 Bd6 33. d4 c6 34.
e5 Bb4 35. Bb2 g6 36. Rah1 Ra5 37. Ra1 Rd5 38. a3 Ba5 39. Rh4 c5 40. Rd1 cxd4
41. Bxd4 Bc7 42. f4 g5 43. Rxh5 gxf4 44. gxf4 Ra5 45. Rg5+ Kf7 46. Rh1 Rxa3 47.
Rh7+ Kf8 48. Bc5+ Ke8 49. Rg8# 1-0

[Event "10eme Open International de La Fere"]
[Site "La Fere (FRA)"]
[Date "2011.07.06"]
[Round "6.33"]
[White "Menjour, Mohamed"]
[Black "Tawegoum, Ivan"]
[Result "1-0"]
[WhiteElo "1770"]
[BlackElo "1640"]
[PlyCount "27"]
[EventDate "2011.??.??"]

1. Nf3 d5 2. g3 c5 3. Bg2 Nc6 4. d4 cxd4 5. Nxd4 e5 6. Nxc6 bxc6 7. O-O Nf6 8.
c4 Be7 9. Nc3 e4 10. Bg5 Be6 11. Qa4 Qc7 12. Bxf6 Bxf6 13. cxd5 Bd7 14. Qxe4+
1-0

[Event "10eme Open International de La Fere"]
[Site "La Fere (FRA)"]
[Date "2011.07.06"]
[Round "6.34"]
[White "Dagnicourt, Marie"]
[Black "De Brouwere, Johan"]
[Result "1/2-1/2"]
[WhiteElo "1350"]
[BlackElo "1768"]
[PlyCount "81"]
[EventDate "2011.??.??"]

1. e4 e5 2. Nf3 Nf6 3. Bc4 Nxe4 4. Nc3 Nf6 5. Nxe5 d5 6. Bb3 Be7 7. d4 c6 8.
O-O O-O 9. Re1 Nbd7 10. Nf3 Re8 11. Be3 Nf8 12. h3 Ne6 13. Nb1 Ne4 14. Nbd2 f5
15. Nxe4 fxe4 16. Nd2 Bd6 17. f3 Bg3 18. Rf1 Ng5 19. Bxg5 Qxg5 20. c3 Kh8 21.
fxe4 Qe3+ 22. Kh1 dxe4 23. Bc2 Bd7 24. Bxe4 Rxe4 25. Nxe4 Qxe4 26. Qf3 Qxf3 27.
Rxf3 Bd6 28. Rf7 Rd8 29. Raf1 Kg8 30. R7f3 Rf8 31. Kg1 Rxf3 32. Rxf3 Be6 33. a3
Bd5 34. Rf2 b6 35. Kf1 Bc4+ 36. Kg1 c5 37. Rd2 cxd4 38. cxd4 Bf4 39. Rc2 Be3+
40. Kh1 b5 41. b3 1/2-1/2

[Event "10eme Open International de La Fere"]
[Site "La Fere (FRA)"]
[Date "2011.07.06"]
[Round "6.35"]
[White "Drouin, Philippe"]
[Black "Galtier, Antoine"]
[Result "0-1"]
[WhiteElo "1290"]
[BlackElo "1757"]
[PlyCount "50"]
[EventDate "2011.??.??"]

1. b3 e5 2. Ba3 Bxa3 3. Nxa3 d5 4. c3 Nf6 5. Nc2 O-O 6. Nf3 e4 7. Nfd4 c5 8.
Nb5 a6 9. Nba3 Nc6 10. e3 Ne5 11. Be2 Nd3+ 12. Kf1 Ne5 13. f4 exf3 14. Bxf3
Nxf3 15. Qxf3 Ne4 16. Rd1 Qg5 17. Qf4 f6 18. Qxg5 fxg5+ 19. Ke1 Nf2 20. Rf1
Nxd1 21. Rxf8+ Kxf8 22. Kxd1 Ke7 23. Ke1 Bf5 24. Na1 Bd3 25. b4 Rf8 0-1

[Event "10eme Open International de La Fere"]
[Site "La Fere (FRA)"]
[Date "2011.07.06"]
[Round "6.36"]
[White "Wolfangel, Claude"]
[Black "Baye, Dylan"]
[Result "1-0"]
[WhiteElo "1751"]
[BlackElo "1220"]
[PlyCount "53"]
[EventDate "2011.??.??"]

1. d4 Nf6 2. Nf3 g6 3. c4 Bg7 4. Nc3 d6 5. e4 Nbd7 6. Be2 c5 7. Be3 a6 8. O-O
Rb8 9. h3 b5 10. e5 dxe5 11. dxe5 Ng8 12. cxb5 axb5 13. Bxb5 e6 14. Bxc5 Ne7
15. Bxe7 Qxe7 16. Nd4 O-O 17. Nc6 Qc5 18. Nxb8 Bxe5 19. Nxd7 Qb4 20. Nxf8 Bxc3
21. bxc3 Qxb5 22. Nxg6 Bb7 23. Ne7+ Kg7 24. Rb1 Qa6 25. Qg4+ Kf8 26. Qb4 Qa8
27. Qxb7 1-0

[Event "10eme Open International de La Fere"]
[Site "La Fere (FRA)"]
[Date "2011.07.06"]
[Round "6.38"]
[White "Lapersonne, Patrick"]
[Black "Koechler, Thomas"]
[Result "0-1"]
[WhiteElo "1524"]
[BlackElo "1989"]
[PlyCount "64"]
[EventDate "2011.??.??"]

1. c4 e5 2. Nc3 f5 3. e3 Nf6 4. d4 e4 5. d5 c6 6. Nge2 Qa5 7. d6 Qe5 8. Ng3
Bxd6 9. Qd4 Qxd4 10. exd4 Bxg3 11. hxg3 d5 12. Be3 Nbd7 13. O-O-O Nb6 14. c5
Nbd7 15. Be2 b6 16. b4 bxc5 17. bxc5 a5 18. Kc2 Ba6 19. Bxa6 Rxa6 20. Rb1 Rb6
21. Na4 O-O 22. Bf4 Ng4 23. f3 Nf2 24. Rhf1 Nd3 25. Nb2 Nxf4 26. gxf4 Rb7 27.
Na4 Rfb8 28. Rb2 Rb4 29. Rxb4 Rxb4 30. Nc3 Rxd4 31. Rd1 Rxd1 32. Nxd1 Nxc5 0-1

[Event "10eme Open International de La Fere"]
[Site "La Fere (FRA)"]
[Date "2011.07.06"]
[Round "6.40"]
[White "Mestdagh, Franck"]
[Black "Van Poucke, Anthony"]
[Result "1-0"]
[WhiteElo "1948"]
[BlackElo "1599"]
[PlyCount "41"]
[EventDate "2011.??.??"]

1. e4 e5 2. Nf3 Nc6 3. Bc4 Bc5 4. b4 Bxb4 5. c3 Bc5 6. d4 exd4 7. O-O d6 8.
cxd4 Bb6 9. Nc3 Bg4 10. Bb5 Bxf3 11. gxf3 a6 12. Ba4 Ba5 13. Bd2 Bxc3 14. Bxc3
b5 15. Bb3 Nce7 16. f4 Nf6 17. Qf3 Qd7 18. f5 Rg8 19. e5 Rc8 20. Bxf7+ Kd8 21.
Be6 1-0

[Event "10eme Open International de La Fere"]
[Site "La Fere (FRA)"]
[Date "2011.07.06"]
[Round "6.42"]
[White "Pretceille, Jeremie"]
[Black "Boulnois, Boris"]
[Result "1-0"]
[WhiteElo "1857"]
[BlackElo "1290"]
[PlyCount "89"]
[EventDate "2011.??.??"]

1. e4 c6 2. d4 d5 3. exd5 cxd5 4. c4 e6 5. Nf3 Nc6 6. Nc3 Nf6 7. Be2 Bd7 8. O-O
b6 9. Bf4 Be7 10. Rc1 O-O 11. a3 a5 12. Nb5 Na7 13. Bc7 Qc8 14. Bxb6 Nxb5 15.
cxb5 Qb8 16. Bc7 Qb7 17. b6 Rac8 18. Ne5 Ne8 19. Nxd7 Nxc7 20. Nxf8 Kxf8 21.
Rxc7 Rxc7 22. bxc7 Qxc7 23. Qd2 Bd8 24. Rc1 Qd6 25. Qc3 g6 26. Qc5 Be7 27. Qxd6
Bxd6 28. Rc6 Be7 29. Rc8+ Kg7 30. Ra8 f5 31. Rxa5 h5 32. b4 g5 33. Bxh5 Kh6 34.
Bf7 f4 35. Bxe6 g4 36. Rxd5 f3 37. b5 Bxa3 38. b6 fxg2 39. b7 g3 40. b8=Q gxf2+
41. Kxf2 g1=Q+ 42. Kxg1 Kg6 43. Qf4 Kg7 44. Rg5+ Kh7 45. Qh4# 1-0

[Event "10eme Open International de La Fere"]
[Site "La Fere (FRA)"]
[Date "2011.07.06"]
[Round "6.43"]
[White "Remy, Camille"]
[Black "Louis, Andre"]
[Result "0-1"]
[WhiteElo "1400"]
[BlackElo "1800"]
[PlyCount "90"]
[EventDate "2011.??.??"]

1. e4 c5 2. Nc3 Nc6 3. Nf3 d6 4. Bc4 e6 5. O-O Nf6 6. Re1 a6 7. d3 Qc7 8. a3
Be7 9. Bg5 b5 10. Ba2 b4 11. axb4 cxb4 12. Ne2 O-O 13. c3 a5 14. cxb4 axb4 15.
Bb3 Bb7 16. Ned4 Rxa1 17. Qxa1 Ra8 18. Qc1 Qb6 19. Nxc6 Bxc6 20. e5 dxe5 21.
Nxe5 Be8 22. Nc4 Qa7 23. Bxf6 Bxf6 24. Nd6 Bd7 25. Qf4 Qd4 26. Qxd4 Bxd4 27.
Nc4 e5 28. h3 Be6 29. Bd1 Ra1 30. b3 Bf5 31. Kf1 Bxd3+ 32. Be2 Rxe1+ 33. Kxe1
Bc2 34. Bd1 Bd3 35. Be2 Bc3+ 36. Kd1 Be4 37. f3 Bg6 38. Nd6 Kf8 39. Ne4 Bb2 40.
Kc2 Bd4 41. Kd3 f5 42. Nd6 Ke7 43. Nb5 Bb2 44. Kc4 Ba3 45. Nxa3 bxa3 0-1

[Event "10eme Open International de La Fere"]
[Site "La Fere (FRA)"]
[Date "2011.07.06"]
[Round "6.47"]
[White "Eeckhout, Jean-Louis"]
[Black "Tonneau, Antoine"]
[Result "1-0"]
[WhiteElo "1696"]
[BlackElo "1190"]
[PlyCount "59"]
[EventDate "2011.??.??"]

1. d4 d5 2. c4 dxc4 3. Qa4+ Nc6 4. Nf3 Be6 5. Nc3 a6 6. e4 b5 7. Qd1 Bg4 8. Be3
e5 9. d5 Na5 10. Be2 Bd6 11. h3 Bxf3 12. Bxf3 Nf6 13. O-O O-O 14. Bd2 b4 15.
Ne2 b3 16. Bxa5 bxa2 17. Rxa2 g5 18. Qa4 Qc8 19. Ng3 g4 20. hxg4 Nxg4 21. Bxg4
Qxg4 22. Qxc4 Rad8 23. Nf5 h5 24. Nh6+ Kg7 25. Nxg4 hxg4 26. Qe2 Rh8 27. Qxg4+
Kf6 28. f4 Rh7 29. fxe5+ Kxe5 30. Bc3# 1-0

[Event "10eme Open International de La Fere"]
[Site "La Fere (FRA)"]
[Date "2011.07.07"]
[Round "7.1"]
[White "Forthofer, Robert"]
[Black "Lobzhanidze, Davit"]
[Result "0-1"]
[WhiteElo "2274"]
[BlackElo "2483"]
[PlyCount "58"]
[EventDate "2011.??.??"]

1. e4 e5 2. f4 exf4 3. Nf3 Ne7 4. Bc4 c6 5. d4 Ng6 6. h4 h5 7. Nc3 Be7 8. O-O
Bxh4 9. Ne2 d5 10. exd5 cxd5 11. Bd3 O-O 12. Bxg6 fxg6 13. Nxf4 Bf5 14. Ne5 Nc6
15. Nfxg6 Bxg6 16. Nxg6 Rxf1+ 17. Qxf1 Nxd4 18. Qd1 Ne2+ 19. Kh1 Nxc1 20. Rxc1
Qg5 21. Nxh4 Qxh4+ 22. Kg1 Qe4 23. Qd2 Re8 24. Rd1 Re5 25. Qa5 h4 26. Qxa7 h3
27. Qf2 Rg5 28. g3 h2+ 29. Qxh2 Qe3+ 0-1

[Event "10eme Open International de La Fere"]
[Site "La Fere (FRA)"]
[Date "2011.07.07"]
[Round "7.2"]
[White "Piankov, Evgenij"]
[Black "Houriez, Clement"]
[Result "1/2-1/2"]
[WhiteElo "2327"]
[BlackElo "2328"]
[PlyCount "51"]
[EventDate "2011.??.??"]

1. d4 d5 2. c4 c6 3. cxd5 cxd5 4. Nc3 Nf6 5. Nf3 Nc6 6. Bf4 Bf5 7. e3 e6 8. Bd3
Bxd3 9. Qxd3 Bd6 10. Bxd6 Qxd6 11. O-O O-O 12. a3 a6 13. Na4 Nd7 14. Rac1 Rac8
15. Nc5 Nxc5 16. Rxc5 Ne7 17. Rfc1 Qb8 18. Ne5 Rxc5 19. Rxc5 Rc8 20. Qc2 f6 21.
Nd3 b6 22. Rc3 Rxc3 23. Qxc3 Qc8 24. Qxc8+ Nxc8 25. Kf1 Kf7 26. Ke2 1/2-1/2

[Event "10eme Open International de La Fere"]
[Site "La Fere (FRA)"]
[Date "2011.07.07"]
[Round "7.5"]
[White "Mancini, Mario"]
[Black "Safranska, Anda"]
[Result "1/2-1/2"]
[WhiteElo "2213"]
[BlackElo "2230"]
[PlyCount "60"]
[EventDate "2011.??.??"]

1. d4 d6 2. e4 g6 3. Nf3 Bg7 4. Be2 Nf6 5. Nc3 O-O 6. O-O Nc6 7. d5 Nb8 8. Re1
e5 9. dxe6 Bxe6 10. Bf4 Nc6 11. Qd2 a6 12. Rad1 Ng4 13. h3 Nge5 14. Bh6 Nxf3+
15. Bxf3 Bxh6 16. Qxh6 Qf6 17. Qd2 Ne5 18. Be2 g5 19. Nd5 Bxd5 20. Qxd5 Rab8
21. Bg4 Rfe8 22. b3 Nxg4 23. hxg4 Re5 24. Qd2 Rbe8 25. f3 Qg6 26. c4 h5 27.
gxh5 Qxh5 28. g4 Qh3 29. Qg2 Qh8 30. Qd2 Qh3 1/2-1/2

[Event "10eme Open International de La Fere"]
[Site "La Fere (FRA)"]
[Date "2011.07.07"]
[Round "7.6"]
[White "Miezis, Normunds"]
[Black "Thomas, Olivier"]
[Result "1-0"]
[WhiteElo "2520"]
[BlackElo "2035"]
[PlyCount "79"]
[EventDate "2011.??.??"]

1. c4 Nf6 2. Nc3 d5 3. cxd5 Nxd5 4. g3 g6 5. Bg2 Nxc3 6. bxc3 Bg7 7. h4 h6 8.
Rb1 Nd7 9. a4 c6 10. Nf3 O-O 11. Qc2 Nc5 12. Bb2 Bf5 13. d3 Qa5 14. Ra1 Rfd8
15. O-O e5 16. Nd2 Be6 17. Rfc1 Na6 18. Rcb1 Qc7 19. a5 Qd7 20. c4 Bh3 21. Bh1
f5 22. c5 f4 23. Ra4 Rf8 24. Bg2 Bxg2 25. Kxg2 Rad8 26. Re4 Qd5 27. Rc1 fxg3
28. fxg3 Rf5 29. Nf3 Rdf8 30. Qc4 Re8 31. Rc2 h5 32. Bc1 Rf7 33. Be3 Nc7 34.
Rc1 Qxc4 35. Rcxc4 Nd5 36. Bg5 Rf5 37. Rc1 Ref8 38. Bd2 R8f7 39. Rb1 Bf6 40.
Rc4 1-0

[Event "10eme Open International de La Fere"]
[Site "La Fere (FRA)"]
[Date "2011.07.07"]
[Round "7.7"]
[White "Loiret, Stanislas"]
[Black "Feryn, Benjamin"]
[Result "1-0"]
[WhiteElo "2267"]
[BlackElo "2032"]
[PlyCount "119"]
[EventDate "2011.??.??"]

1. e4 e5 2. Nf3 Nc6 3. Bb5 Nge7 4. Nc3 g6 5. d4 exd4 6. Nd5 Bg7 7. Bg5 h6 8.
Bf6 Bxf6 9. Nxf6+ Kf8 10. O-O Kg7 11. Nd5 d6 12. Nxd4 Nxd5 13. Nxc6 bxc6 14.
Bxc6 Nb6 15. Bxa8 Nxa8 16. Qd4+ Kh7 17. Qxa7 Nb6 18. a4 Be6 19. a5 Nd7 20. Qd4
Qf6 21. Qxf6 Nxf6 22. f3 Bc4 23. Rfd1 Ba6 24. Kf2 Rb8 25. b3 Nd7 26. Ke1 Ne5
27. Kd2 Kg7 28. Ra3 Kf6 29. c3 c5 30. Kc2 Ke7 31. Rd2 Nc6 32. Ra1 f6 33. Rad1
Rd8 34. Ra1 Rb8 35. h4 Bc8 36. Ra3 Ra8 37. Rd1 Rxa5 38. Rxa5 Nxa5 39. Ra1 Nc6
40. Ra8 Kd7 41. Kd2 Kc7 42. Ke3 Kb7 43. Ra1 Be6 44. b4 cxb4 45. cxb4 Bc8 46.
Rd1 Kc7 47. b5 Ne7 48. Ra1 Kb6 49. Ra8 Kb7 50. Ra6 Kc7 51. b6+ Kc6 52. b7+ Kxb7
53. Rxd6 f5 54. e5 h5 55. Kf4 Kc7 56. Kg5 Bd7 57. Kf6 Nc6 58. f4 Be8 59. g3 Na7
60. Ke7 1-0

[Event "10eme Open International de La Fere"]
[Site "La Fere (FRA)"]
[Date "2011.07.07"]
[Round "7.8"]
[White "Llaneza Vega, Patricia"]
[Black "Jimenez, Martin"]
[Result "1-0"]
[WhiteElo "2246"]
[BlackElo "1888"]
[PlyCount "31"]
[EventDate "2011.??.??"]

1. e4 c6 2. c4 d5 3. cxd5 cxd5 4. exd5 Nf6 5. Qa4+ Nbd7 6. Nc3 a6 7. Nf3 g6 8.
Bc4 Rb8 9. Bb3 Bg7 10. O-O O-O 11. Qf4 b5 12. Nd4 Nxd5 13. Nxd5 e5 14. Nc6 exf4
15. Nxd8 Rxd8 16. Ne7+ 1-0

[Event "10eme Open International de La Fere"]
[Site "La Fere (FRA)"]
[Date "2011.07.07"]
[Round "7.9"]
[White "Van Wiele, Kurt"]
[Black "Henris, Luc"]
[Result "0-1"]
[WhiteElo "1806"]
[BlackElo "2189"]
[PlyCount "50"]
[EventDate "2011.??.??"]

1. e4 e5 2. Nf3 Nc6 3. Bc4 Nf6 4. Ng5 d5 5. exd5 b5 6. Bf1 h6 7. Nh3 Bxh3 8.
dxc6 Bf5 9. Qe2 Bd6 10. Qxb5 Rb8 11. Qa4 O-O 12. c3 Bc5 13. Be2 Ne4 14. O-O Qf6
15. Bf3 Bxf2+ 16. Rxf2 Nxf2 17. Qxa7 Nd3 18. Na3 e4 19. Be2 Qxc6 20. Nc2 Rb6
21. Bxd3 exd3 22. Nd4 Qe4 23. h3 Bxh3 24. Nf3 Bxg2 25. Kxg2 Rg6+ 0-1

[Event "10eme Open International de La Fere"]
[Site "La Fere (FRA)"]
[Date "2011.07.07"]
[Round "7.12"]
[White "Feryn, Alexandre"]
[Black "Devaux, Jean-Marc"]
[Result "1-0"]
[WhiteElo "2063"]
[BlackElo "1470"]
[PlyCount "35"]
[EventDate "2011.??.??"]

1. e4 e6 2. d4 d5 3. Nc3 Bb4 4. e5 c5 5. Bd2 cxd4 6. Nb5 Bc5 7. Qg4 Kf8 8. Nf3
Nc6 9. Qf4 Qe7 10. Bd3 Nh6 11. a3 a6 12. Nbxd4 Nxd4 13. Nxd4 Ke8 14. Nb3 Bb6
15. Bb4 Qd7 16. Qg5 Nf5 17. Bxf5 exf5 18. Qxg7 1-0

[Event "10eme Open International de La Fere"]
[Site "La Fere (FRA)"]
[Date "2011.07.07"]
[Round "7.13"]
[White "Bardoux, Thierry"]
[Black "Touret, Alex"]
[Result "1-0"]
[WhiteElo "2154"]
[BlackElo "1843"]
[PlyCount "59"]
[EventDate "2011.??.??"]

1. d4 Nf6 2. c4 g6 3. Nc3 Bg7 4. e4 d6 5. Nf3 O-O 6. Be2 Nc6 7. Be3 e5 8. d5
Ne7 9. Nd2 Nd7 10. g4 f5 11. gxf5 gxf5 12. Bg5 Nf6 13. Rg1 Kh8 14. Bd3 f4 15.
Qb3 c5 16. O-O-O a6 17. Be2 Rb8 18. a4 Bd7 19. Bxf6 Rxf6 20. Bg4 Be8 21. Nf3 h6
22. Nh4 Bf7 23. f3 b6 24. Rg2 h5 25. Bh3 Bh6 26. Rdg1 Qe8 27. Nf5 Nxf5 28. exf5
b5 29. Ne4 bxc4 30. Nxf6 1-0

[Event "10eme Open International de La Fere"]
[Site "La Fere (FRA)"]
[Date "2011.07.07"]
[Round "7.14"]
[White "Marchyllie, Bruno"]
[Black "Dermenghen, Thomas"]
[Result "1/2-1/2"]
[WhiteElo "2143"]
[BlackElo "1839"]
[PlyCount "96"]
[EventDate "2011.??.??"]

1. e4 Nf6 2. e5 Nd5 3. Bc4 Nb6 4. Bb3 c5 5. c3 c4 6. Bc2 Nc6 7. Nf3 Qc7 8. Qe2
g6 9. Na3 Bg7 10. Nxc4 Nxc4 11. Qxc4 b5 12. Qxb5 Nxe5 13. Be4 Rb8 14. Qe2 f5
15. Bc2 Bb7 16. Nxe5 Bxe5 17. d4 Bxh2 18. Bg5 Bd6 19. f4 Bd5 20. Bb3 Bxb3 21.
axb3 Rxb3 22. O-O h6 23. Bf6 O-O 24. Be5 Bxe5 25. fxe5 Qb7 26. Rxa7 Qxa7 27.
Qc4+ e6 28. Qxb3 Rb8 29. Qc2 Qa2 30. Rf2 Qa1+ 31. Kh2 Qe1 32. Qd2 Qxd2 33. Rxd2
Ra8 34. d5 exd5 35. Rxd5 Ra7 36. b4 Kf7 37. Rd6 Rc7 38. b5 Rxc3 39. b6 Rb3 40.
Rf6+ Kg7 41. Rd6 Kf7 42. g3 h5 43. Kg2 Rb5 44. Rxd7+ Ke6 45. Rg7 Kxe5 46. Rxg6
Rb2+ 47. Kf3 Rb3+ 48. Kf2 f4 1/2-1/2

[Event "10eme Open International de La Fere"]
[Site "La Fere (FRA)"]
[Date "2011.07.07"]
[Round "7.15"]
[White "Mataigne, Jean-Michel"]
[Black "Casier, Fabrice"]
[Result "1-0"]
[WhiteElo "2017"]
[BlackElo "1795"]
[PlyCount "45"]
[EventDate "2011.??.??"]

1. e4 d5 2. exd5 Qxd5 3. Nc3 Qa5 4. d4 c6 5. Nf3 Nf6 6. Bc4 Bg4 7. h3 Bxf3 8.
Qxf3 e6 9. Bd2 Qd8 10. O-O-O Bb4 11. Bg5 Bxc3 12. Qxc3 Nbd7 13. Rhe1 Nd5 14.
Qg3 Qc7 15. Qxc7 Nxc7 16. Bd3 h6 17. Bh4 g5 18. Bg3 O-O-O 19. c4 c5 20. d5 exd5
21. cxd5 Nxd5 22. Bf5 N5b6 23. Re5 1-0

[Event "10eme Open International de La Fere"]
[Site "La Fere (FRA)"]
[Date "2011.07.07"]
[Round "7.16"]
[White "Pingue, Renaud"]
[Black "Obert, Julien"]
[Result "1/2-1/2"]
[WhiteElo "1989"]
[BlackElo "1792"]
[PlyCount "116"]
[EventDate "2011.??.??"]

1. e4 e6 2. d4 d5 3. Nc3 Bb4 4. e5 c5 5. a3 Bxc3+ 6. bxc3 Ne7 7. Qg4 Qc7 8. Bd3
cxd4 9. Ne2 dxc3 10. Qxg7 Rg8 11. Qxh7 Nbc6 12. Bf4 Bd7 13. O-O O-O-O 14. Bg3
Rdf8 15. Rfe1 Ng6 16. Bxg6 Rh8 17. Qg7 Rhg8 18. Qh6 fxg6 19. Nxc3 Ne7 20. Qd2
Bc6 21. Ne2 g5 22. Nd4 Qd7 23. Reb1 Rf7 24. Rb3 Kb8 25. Rab1 Nf5 26. f3 Nxd4
27. Qxd4 Qc8 28. Bf2 a6 29. Qb6 Qc7 30. Qxa6 Kc8 31. Qa7 g4 32. Qa8+ Qb8 33.
Qxb8+ Kxb8 34. fxg4 Rxg4 35. Rg3 Rgf4 36. Rg8+ Kc7 37. Be3 Re4 38. Ba7 Rc4 39.
Rb2 Re4 40. h3 Kd7 41. Rg5 Re2 42. Bc5 Rd2 43. a4 Rd1+ 44. Kh2 Ra1 45. Rg4 Re1
46. Bd4 Re2 47. a5 Rd2 48. h4 Kc7 49. h5 Rh7 50. Rh4 Be8 51. h6 Bg6 52. Rb3 Be4
53. Rg3 Kc6 54. c3 Kb5 55. Be3 Re2 56. Bb6 Rf2 57. Kg1 Rb2 58. Rh2 Kc4 1/2-1/2

[Event "10eme Open International de La Fere"]
[Site "La Fere (FRA)"]
[Date "2011.07.07"]
[Round "7.17"]
[White "Rouffignac, Tanguy"]
[Black "Menjour, Mohamed"]
[Result "0-1"]
[WhiteElo "1964"]
[BlackElo "1770"]
[PlyCount "72"]
[EventDate "2011.??.??"]

1. e4 c5 2. Nf3 Nc6 3. Nc3 d6 4. d4 cxd4 5. Nxd4 g6 6. Be3 Bg7 7. Qd2 a6 8.
O-O-O Qc7 9. Nd5 Qd8 10. Nxc6 bxc6 11. Bb6 Rb8 12. Qa5 Qd7 13. Nc7+ Kf8 14. c3
Qg4 15. Ba7 Bh6+ 16. Be3 Bxe3+ 17. fxe3 Qxe4 18. Qg5 h6 19. Qg3 a5 20. Bd3 Qg4
21. Qf2 Nf6 22. e4 Qd7 23. Na6 Ra8 24. Qe2 Qa7 25. e5 dxe5 26. Qxe5 Bxa6 27.
Bxa6 Qxa6 28. Rd7 Re8 29. Re1 Kg7 30. Qd4 Qb5 31. Rexe7 Rxe7 32. Rxe7 Qf1+ 33.
Kc2 Qxg2+ 34. Kb1 Qd5 35. Qg1 Re8 36. Rb7 Qd2 0-1

[Event "10eme Open International de La Fere"]
[Site "La Fere (FRA)"]
[Date "2011.07.07"]
[Round "7.18"]
[White "Galtier, Antoine"]
[Black "Rigolot, Lucie"]
[Result "0-1"]
[WhiteElo "1757"]
[BlackElo "1946"]
[PlyCount "104"]
[EventDate "2011.??.??"]

1. d4 d5 2. Nf3 Nf6 3. e3 Bf5 4. c4 c6 5. Nc3 e6 6. Be2 Ne4 7. Nxe4 Bxe4 8. b3
Nd7 9. O-O Bb4 10. Bd2 Bd6 11. Be1 Bg6 12. Bd3 Qc7 13. Qc2 Nf6 14. c5 Be7 15.
Ne5 Bxd3 16. Qxd3 Bxc5 17. Nxc6 Bd6 18. Ne5 Bxe5 19. dxe5 Qxe5 20. Qb5+ Nd7 21.
Rc1 Rb8 22. Bc3 Qg5 23. Bb4 a6 24. Qd3 Ne5 25. Qc3 Nc6 26. Ba3 f6 27. Qc5 Kf7
28. f4 Qf5 29. Qd6 Rhd8 30. Qc7+ Kg8 31. Rf3 Qg6 32. Rg3 Qf7 33. Qb6 Rbc8 34.
Qc5 Qd7 35. Qc3 Kf7 36. Qd3 g6 37. Rh3 Kg7 38. Qf1 Ne7 39. Rxc8 Rxc8 40. Qd1
Qc7 41. Rf3 Nf5 42. g4 Nd6 43. g5 Ne4 44. gxf6+ Kf7 45. Bb2 Qc2 46. Qxc2 Rxc2
47. Bd4 Rxa2 48. Rh3 h5 49. b4 Nxf6 50. Rf3 Ne4 51. Rf1 Rc2 52. Ra1 Nd2 0-1

[Event "10eme Open International de La Fere"]
[Site "La Fere (FRA)"]
[Date "2011.07.07"]
[Round "7.19"]
[White "Dumas, Victor"]
[Black "Rouffignac, Marie"]
[Result "1/2-1/2"]
[WhiteElo "1929"]
[BlackElo "1568"]
[PlyCount "126"]
[EventDate "2011.??.??"]

1. e4 e5 2. f4 d5 3. exd5 exf4 4. Nf3 Bd6 5. d4 Nf6 6. c4 c5 7. Be2 O-O 8. O-O
Re8 9. Nc3 Bf5 10. Nb5 Bg6 11. b4 b6 12. bxc5 bxc5 13. Nxd6 Qxd6 14. Ba3 Nbd7
15. Nd2 Qe7 16. Rf2 Qe3 17. Bxc5 Nxc5 18. dxc5 Qxc5 19. Nb3 Qe3 20. Bf3 Rad8
21. Qd2 Be4 22. Qxe3 fxe3 23. Rff1 Bd3 24. Rfc1 e2 25. Nd2 Rc8 26. Kf2 e1=Q+
27. Rxe1 Rxe1 28. Rxe1 Bxc4 29. Rc1 Ba6 30. Rxc8+ Bxc8 31. Ke3 Kf8 32. Kd4 Ke7
33. Kc5 Ba6 34. a4 Kd7 35. Nb3 Bb7 36. Na5 Ba8 37. Nc4 Kd8 38. a5 g6 39. a6
Nd7+ 40. Kd6 Nb8 41. Ne5 f6 42. Ng4 Nxa6 43. Nxf6 h5 44. h4 Nc7 45. Be4 a5 46.
Bxg6 a4 47. Kc5 Na6+ 48. Kc4 a3 49. Kb3 Ke7 50. Nxh5 Bxd5+ 51. Kxa3 Bxg2 52.
Kb3 Nc5+ 53. Kc4 Nd7 54. Kd4 Nf6 55. Nf4 Bf3 56. Ke5 Nd7+ 57. Kf5 Nf8 58. h5
Bxh5 59. Bxh5 Nd7 60. Bf3 Kd6 61. Nd3 Nc5 62. Ne5 Nd7 63. Nxd7 Kxd7 1/2-1/2